[Event "Tata Steel Chess 2017 GM-A"]
[Site "Wijk aan Zee NED"]
[Date "2017.01.27"]
[Round "11.1"]
[White "Wojtaszek, Radoslaw"]
[Black "Aronian, Levon"]
[Result "1/2-1/2"]
[WhiteElo "2750"]
[BlackElo "2780"]
[PlyCount "111"]
[EventDate "2017.01.14"]
[EventType "tourn"]
[EventRounds "13"]
[EventCountry "NED"]
[EventCategory "21"]
[SourceTitle "Ajedrez en Madrid"]
[Source "lmi"]
[SourceDate "2017.01.14"]
[SourceVersion "1"]
[SourceVersionDate "2017.01.29"]
[SourceQuality "1"]

1. d4 d5 2. c4 c6 3. Nf3 Nf6 4. Nc3 dxc4 5. a4 Bf5 6. e3 e6 7. Bxc4 Bb4 8. O-O
O-O 9. Qe2 Nbd7 10. e4 Bg6 11. Bd3 Bh5 12. e5 Nd5 13. Nxd5 cxd5 14. Qe3 Re8 15.
Bd2 Qa5 16. Qe1 Bxd2 17. Qxd2 Qxd2 18. Nxd2 Nb8 19. Rfc1 Nc6 20. Bb5 Reb8 21.
Nb3 a6 22. Bf1 Rf8 23. f3 f6 24. exf6 Rxf6 25. Rc3 g5 26. Rd1 Rf4 27. Be2 Bg6
28. g3 Rf7 29. Nc5 Re7 30. Rd2 a5 31. Bb5 Na7 32. Re2 Rc8 33. Rce3 b6 34. Nxe6
Nxb5 35. axb5 Rc1+ 36. Kf2 Rh1 37. Kg2 Rb1 38. Re5 Bd3 39. Rd2 Bf1+ 40. Kf2 h6
41. f4 Bh3 42. Nd8 Kf8 43. Rxe7 Kxe7 44. Nc6+ Kf6 45. fxg5+ hxg5 46. Ne5 Bf1
47. Nd7+ Ke6 48. Nxb6 Bxb5 49. Rc2 a4 50. Kf3 Be8 51. Re2+ Kf7 52. Nc8 Kf8 53.
Rf2 Bh5+ 54. Ke3+ Kg7 55. Nd6 a3 56. bxa3 1/2-1/2

[Event "Tata Steel Chess 2017 GM-A"]
[Site "Wijk aan Zee NED"]
[Date "2017.01.27"]
[Round "11.4"]
[White "Nepomniachtchi, Ian"]
[Black "Eljanov, Pavel"]
[Result "1/2-1/2"]
[WhiteElo "2767"]
[BlackElo "2755"]
[PlyCount "105"]
[EventDate "2017.01.14"]
[EventType "tourn"]
[EventRounds "13"]
[EventCountry "NED"]
[EventCategory "21"]
[SourceTitle "Ajedrez en Madrid"]
[Source "lmi"]
[SourceDate "2017.01.14"]
[SourceVersion "1"]
[SourceVersionDate "2017.01.29"]
[SourceQuality "1"]

1. d4 Nf6 2. Bg5 d5 3. Nd2 c6 4. e3 Qb6 5. Bd3 Bg4 6. Ne2 Nbd7 7. f3 Bh5 8. Nf4
Bg6 9. Qe2 e5 10. Nxg6 hxg6 11. O-O-O O-O-O 12. c3 Re8 13. Qf2 Nh7 14. Bh4 f5
15. Qg1 Nhf6 16. Bg3 Bd6 17. e4 Nh5 18. Bf2 Nf4 19. Bf1 exd4 20. Bxd4 Bc5 21.
g3 Ne6 22. Bxc5 Ndxc5 23. exd5 cxd5 24. b4 Na4 25. Qxb6 Nxb6 26. Bb5 Re7 27.
Rde1 a6 28. Bd3 Rhe8 29. Bc2 Nc7 30. Rxe7 Rxe7 31. g4 Nb5 32. gxf5 Nxc3 33. Kb2
d4 34. Ne4 Nxe4 35. Bxe4 gxf5 36. Bxf5+ Kb8 37. Be4 Rc7 38. Rg1 Rc3 39. Kb1 Nc4
40. Rd1 Na3+ 41. Ka1 Rc4 42. Rg1 Rc7 43. Kb2 Nc4+ 44. Kc2 Ne5+ 45. Kd2 Rf7 46.
Rg3 d3 47. Bxd3 Nxf3+ 48. Ke2 Nxh2 49. a3 Rf4 50. Ke3 Rf7 51. Ke2 Rf4 52. Ke3
Rf7 53. Ke2 1/2-1/2

[Event "Tata Steel Chess 2017 GM-A"]
[Site "Wijk aan Zee NED"]
[Date "2017.01.27"]
[Round "11.7"]
[White "Rapport, Richard"]
[Black "Van Wely, Loek"]
[Result "1/2-1/2"]
[WhiteElo "2702"]
[BlackElo "2695"]
[PlyCount "78"]
[EventDate "2017.01.14"]
[EventType "tourn"]
[EventRounds "13"]
[EventCountry "NED"]
[EventCategory "21"]
[SourceTitle "Ajedrez en Madrid"]
[Source "lmi"]
[SourceDate "2017.01.14"]
[SourceVersion "1"]
[SourceVersionDate "2017.01.29"]
[SourceQuality "1"]

1. b3 e5 2. Bb2 Nc6 3. e3 g6 4. Nf3 Bg7 5. c4 d6 6. Be2 f5 7. h4 h6 8. Nc3 Nf6
9. d4 e4 10. Ng1 Ne7 11. d5 c5 12. Nh3 O-O 13. Nf4 a6 14. Qd2 Rb8 15. f3 Qe8
16. O-O-O b5 17. Rdg1 b4 18. Nd1 a5 19. Nf2 a4 20. Bd1 a3 21. Ba1 g5 22. hxg5
hxg5 23. g4 gxf4 24. gxf5 fxe3 25. Qxe3 Nxf5 26. Qg5 exf3 27. Bxf6 Rxf6 28.
Qxf6 Qe3+ 29. Kb1 Qxf2 30. Qd8+ Kf7 31. Qc7+ Kf6 32. Qd8+ Kf7 33. Rxg7+ Nxg7
34. Qc7+ Kg8 35. Bc2 Bf5 36. Qxb8+ Kf7 37. Qc7+ Kg8 38. Qd8+ Kf7 39. Qc7+ Kg8
1/2-1/2

[Event "Tata Steel Chess 2017 GM-A"]
[Site "Wijk aan Zee NED"]
[Date "2017.01.28"]
[Round "12.1"]
[White "Aronian, Levon"]
[Black "Van Wely, Loek"]
[Result "1-0"]
[WhiteElo "2780"]
[BlackElo "2695"]
[PlyCount "67"]
[EventDate "2017.01.14"]
[EventType "tourn"]
[EventRounds "13"]
[EventCountry "NED"]
[EventCategory "21"]
[SourceTitle "Ajedrez en Madrid"]
[Source "lmi"]
[SourceDate "2017.01.14"]
[SourceVersion "1"]
[SourceVersionDate "2017.01.29"]
[SourceQuality "1"]

1. d4 Nf6 2. c4 g6 3. f3 Bg7 4. e4 O-O 5. Nc3 d6 6. Nge2 a6 7. Ng3 Nbd7 8. Be2
c6 9. O-O b5 10. Be3 Rb8 11. Rf2 Qc7 12. Rc1 b4 13. Na4 c5 14. d5 e6 15. b3 Re8
16. Qd2 exd5 17. cxd5 Nb6 18. Nxb6 Qxb6 19. Bh6 Bh8 20. h3 Bd7 21. Bc4 Bb5 22.
Kh1 Qd8 23. Bg5 Rb7 24. Qf4 Qe7 25. Qh4 Qe5 26. Rd2 Bxc4 27. f4 Qxe4 28. Nxe4
Nxe4 29. Re1 Bc3 30. f5 Bxd2 31. Bxd2 Bxd5 32. Rxe4 Bxe4 33. Qf6 Bxg2+ 34. Kg1
1-0

[Event "Tata Steel Chess 2017 GM-A"]
[Site "Wijk aan Zee NED"]
[Date "2017.01.28"]
[Round "12.3"]
[White "Adhiban, Baskaran"]
[Black "Giri, Anish"]
[Result "1/2-1/2"]
[WhiteElo "2653"]
[BlackElo "2773"]
[PlyCount "68"]
[EventDate "2017.01.14"]
[EventType "tourn"]
[EventRounds "13"]
[EventCountry "NED"]
[EventCategory "21"]
[SourceTitle "Ajedrez en Madrid"]
[Source "lmi"]
[SourceDate "2017.01.14"]
[SourceVersion "1"]
[SourceVersionDate "2017.01.29"]
[SourceQuality "1"]

1. e4 e5 2. Bc4 Nf6 3. d3 Nc6 4. Nc3 Bb4 5. Nge2 d5 6. exd5 Nxd5 7. O-O Be6 8.
Bxd5 Bxd5 9. f4 f6 10. fxe5 Nxe5 11. Nxd5 Qxd5 12. c3 Bd6 13. Nf4 Qf7 14. d4
O-O-O 15. Qa4 a6 16. Qb3 Qxb3 17. axb3 Ng6 18. Nxg6 hxg6 19. Bf4 Bxf4 20. Rxf4
Rde8 21. h3 g5 22. Rf5 Re2 23. Rf2 Rhe8 24. Raf1 Kd7 25. Rxe2 Rxe2 26. Rf2 Re1+
27. Rf1 Re2 28. Rf2 Re1+ 29. Rf1 Rxf1+ 30. Kxf1 Ke6 31. Ke2 Kf5 32. Kf3 a5 33.
c4 b6 34. Ke3 Ke6 1/2-1/2

[Event "Tata Steel Chess 2017 GM-A"]
[Site "Wijk aan Zee NED"]
[Date "2017.01.28"]
[Round "12.7"]
[White "Wojtaszek, Radoslaw"]
[Black "Andreikin, Dmitry"]
[Result "1/2-1/2"]
[WhiteElo "2750"]
[BlackElo "2736"]
[PlyCount "102"]
[EventDate "2017.01.14"]
[EventType "tourn"]
[EventRounds "13"]
[EventCountry "NED"]
[EventCategory "21"]
[SourceTitle "Ajedrez en Madrid"]
[Source "lmi"]
[SourceDate "2017.01.14"]
[SourceVersion "1"]
[SourceVersionDate "2017.01.29"]
[SourceQuality "1"]

1. d4 c6 2. c4 d5 3. Nf3 Nf6 4. Nc3 a6 5. a4 e6 6. g3 dxc4 7. Bg5 Bb4 8. Bg2
Nbd7 9. Nd2 Qa5 10. Bxf6 gxf6 11. O-O Nb6 12. e3 e5 13. Nde4 f5 14. Ng5 h5 15.
dxe5 Be7 16. Nf3 Be6 17. Ne2 Rd8 18. Qc2 Nd7 19. Nf4 Nxe5 20. Nd4 Bc8 21. h4
Nd3 22. Nxd3 cxd3 23. Qxd3 c5 24. Nb3 Qb4 25. Qc3 Qxc3 26. bxc3 b6 27. c4 Rh6
28. a5 b5 29. cxb5 axb5 30. Rfc1 c4 31. Nd4 Ba6 32. Bc6+ Rxc6 33. Nxc6 Rc8 34.
Nd4 b4 35. Rab1 c3 36. Nxf5 Bc5 37. Nd4 Bxd4 38. exd4 Rc4 39. f3 Kd7 40. Kf2
Kc6 41. Ke3 Kb5 42. g4 Rc8 43. Kd3 Kxa5+ 44. Kc2 Bc4 45. Ra1+ Kb5 46. Ra7 Bd5
47. Kd3 b3 48. Rca1 b2 49. R1a5+ Kb6 50. R5a6+ Kb5 51. Ra5+ Kb6 1/2-1/2

[Event "Tata Steel Chess 2017 GM-A"]
[Site "Wijk aan Zee NED"]
[Date "2017.01.29"]
[Round "13.1"]
[White "Andreikin, Dmitry"]
[Black "Aronian, Levon"]
[Result "1-0"]
[WhiteElo "2736"]
[BlackElo "2780"]
[PlyCount "99"]
[EventDate "2017.01.14"]
[EventType "tourn"]
[EventRounds "13"]
[EventCountry "NED"]
[EventCategory "21"]
[SourceTitle "Ajedrez en Madrid"]
[Source "lmi"]
[SourceDate "2017.01.14"]
[SourceVersion "1"]
[SourceVersionDate "2017.01.29"]
[SourceQuality "1"]

1. d4 d5 2. c4 c6 3. Nf3 Nf6 4. e3 Bg4 5. h3 Bh5 6. Nc3 e6 7. g4 Bg6 8. Ne5
Nbd7 9. Nxg6 hxg6 10. a3 g5 11. Bd2 g6 12. Qf3 a6 13. Bd3 dxc4 14. Bxc4 b5 15.
Bf1 c5 16. Bg2 Ra7 17. O-O Qb8 18. Rfd1 Be7 19. b4 cxb4 20. axb4 Nb6 21. e4
Nfd7 22. e5 Nc4 23. Bc1 O-O 24. Ne4 Qd8 25. h4 gxh4 26. Bh6 Re8 27. Qh3 f5 28.
gxf5 exf5 29. Nc5 Bg5 30. Bd5+ Kh7 31. Bxg5 Qxg5+ 32. Qg2 Qxg2+ 33. Kxg2 Ndb6
34. Bc6 Rd8 35. Ne6 Rc8 36. Bxb5 Re7 37. Bxa6 Rxe6 38. Bxc8 Nxc8 39. Rdc1 N8b6
40. Ra7+ Kh6 41. Rc7 Na3 42. R7c5 Kh5 43. Rc6 Rxc6 44. Rxc6 Nd5 45. Rc5 Nf4+
46. Kh1 g5 47. b5 Nxb5 48. Rxb5 g4 49. d5 h3 50. e6 1-0

[Event "Tata Steel Chess 2017 GM-A"]
[Site "Wijk aan Zee NED"]
[Date "2017.01.29"]
[Round "13.3"]
[White "Nepomniachtchi, Ian"]
[Black "So, Wesley"]
[Result "0-1"]
[WhiteElo "2767"]
[BlackElo "2808"]
[PlyCount "56"]
[EventDate "2017.01.14"]
[EventType "tourn"]
[EventRounds "13"]
[EventCountry "NED"]
[EventCategory "21"]
[SourceTitle "Ajedrez en Madrid"]
[Source "lmi"]
[SourceDate "2017.01.14"]
[SourceVersion "1"]
[SourceVersionDate "2017.01.29"]
[SourceQuality "1"]

1. d4 Nf6 2. Bg5 d5 3. Nd2 c5 4. dxc5 e6 5. e4 h6 6. Bh4 dxe4 7. Qe2 Qa5 8.
O-O-O Qxa2 9. Qb5+ Nbd7 10. c6 bxc6 11. Qxc6 Bb7 12. Qxb7 Qa1+ 13. Nb1 Rb8 14.
Qxb8+ Nxb8 15. Bb5+ Nfd7 16. Ne2 Be7 17. Bxe7 Kxe7 18. Nd4 Nc5 19. h4 Rd8 20.
Rh3 Nd3+ 21. Bxd3 Rxd4 22. Be2 Rxd1+ 23. Bxd1 Qa5 24. Nd2 f5 25. Rg3 Qe5 26.
Ra3 Nc6 27. g3 Qd4 28. Re3 Nb4 0-1

[Event "Tata Steel Chess 2017 GM-A"]
[Site "Wijk aan Zee NED"]
[Date "2017.01.29"]
[Round "13.5"]
[White "Giri, Anish"]
[Black "Eljanov, Pavel"]
[Result "1/2-1/2"]
[WhiteElo "2773"]
[BlackElo "2755"]
[PlyCount "126"]
[EventDate "2017.01.14"]
[EventType "tourn"]
[EventRounds "13"]
[EventCountry "NED"]
[EventCategory "21"]
[SourceTitle "Ajedrez en Madrid"]
[Source "lmi"]
[SourceDate "2017.01.14"]
[SourceVersion "1"]
[SourceVersionDate "2017.01.29"]
[SourceQuality "1"]

1. d4 Nf6 2. c4 e6 3. Nf3 b6 4. g3 Bb7 5. Bg2 Be7 6. O-O O-O 7. Nc3 Ne4 8. Qc2
Nxc3 9. Qxc3 d6 10. b3 Nd7 11. Bb2 Be4 12. Bh3 Bf6 13. Rad1 Qe7 14. Rd2 a5 15.
Qe3 Bb7 16. d5 Bxb2 17. dxe6 Bf6 18. exd7 Qxe3 19. fxe3 Rad8 20. Nd4 Bxd4 21.
exd4 Bc6 22. c5 Bxd7 23. Bxd7 Rxd7 24. cxb6 cxb6 25. Rc1 d5 26. Rc6 Rb8 27.
Rdc2 Kf8 28. Kf2 Ke7 29. Kf3 Rd6 30. Rc7+ Ke6 31. a3 Rbd8 32. Kf4 Kf6 33. R2c6
g5+ 34. Kf3 h5 35. b4 axb4 36. axb4 Rxc6 37. Rxc6+ Kf5 38. Rxb6 Ra8 39. Rd6
Ra3+ 40. Kf2 Ke4 41. Rf6 Rb3 42. h4 Kxd4 43. hxg5 Rxb4 44. Rxf7 Ke5 45. Rh7 Kf5
46. Rxh5 Kg6 47. Rh4 d4 48. Kf3 Rb3+ 49. Kf2 Rb4 50. Re4 Kf5 51. Rf4+ Kxg5 52.
Ke1 Rb1+ 53. Kd2 Rg1 54. Rf3 Kg4 55. Rf4+ Kg5 56. Rxd4 Rxg3 57. Rd3 Rg4 58. Rf3
Ra4 59. Rf8 Kg6 60. Ke3 Ra3+ 61. Kf4 Ra6 62. Rf5 Re6 63. e4 Rf6 1/2-1/2

[Event "Tata Steel Chess 2017 GM-A"]
[Site "Wijk aan Zee NED"]
[Date "2017.01.29"]
[Round "13.6"]
[White "Rapport, Richard"]
[Black "Adhiban, Baskaran"]
[Result "0-1"]
[WhiteElo "2702"]
[BlackElo "2653"]
[PlyCount "82"]
[EventDate "2017.01.14"]
[EventType "tourn"]
[EventRounds "13"]
[EventCountry "NED"]
[EventCategory "21"]
[SourceTitle "Ajedrez en Madrid"]
[Source "lmi"]
[SourceDate "2017.01.14"]
[SourceVersion "1"]
[SourceVersionDate "2017.01.29"]
[SourceQuality "1"]

1. d4 Nf6 2. Bg5 c5 3. Nc3 cxd4 4. Qxd4 Nc6 5. Qh4 e6 6. O-O-O Be7 7. e4 a6 8.
Nf3 Qc7 9. Bd3 d6 10. Rhe1 Bd7 11. e5 dxe5 12. Ne4 Nd5 13. Bxe7 Ncxe7 14. Ng3
f6 15. Nh5 O-O-O 16. Nxg7 Ng6 17. Qc4 Ngf4 18. Qxc7+ Nxc7 19. g4 Bc6 20. Be4
Ng2 21. Re2 Nf4 22. Ree1 Rxd1+ 23. Kxd1 Ng2 24. Re2 Nf4 25. Re1 Ng2 26. Re2
Rd8+ 27. Nd2 Nf4 28. Bxc6 Nxe2 29. Bxb7+ Kxb7 30. Kxe2 Rg8 31. Nh5 Rg6 32. Kf3
f5 33. gxf5 exf5 34. Ng3 e4+ 35. Kf4 Nd5+ 36. Kxf5 e3 37. fxe3 Nxe3+ 38. Ke5
Nxc2 39. Nde4 Rh6 40. Nf1 Nb4 41. Nf6 Nxa2 0-1